| 000 | 01150nam a22002537a 4500 | ||
|---|---|---|---|
| 005 | 20170124102942.0 | ||
| 010 | _aA-989950 | ||
| 020 |
_c200.00 _a8170556678 |
||
| 035 | _aA-989950 | ||
| 037 | _bCen Lib/Ret | ||
| 040 |
_aDPL _bHN |
||
| 082 |
_a820.8 _bअवस्थी |
||
| 100 |
_aअवाद्थी, देवीशंकर _948596 |
||
| 245 |
_aआलोचना का द्वंद्ध : _cदेवीशंकर अवस्थी _bरचना और समय से एक संवाद / |
||
| 246 |
_aAalochna ka dwind : rachna aur samay se ek sanwad / _bby Devishankar Awasthi |
||
| 260 |
_aनई दिल्ली _bवाणी प्रकाशन _c1999 |
||
| 270 |
_a21-ए, दरियागंज _bनई दिल्ली _e110002 |
||
| 300 |
_a203पृ. _c20सेमी (सजिल्द) |
||
| 650 |
_aहिन्दी -- साहित्य _948597 |
||
| 650 |
_aहिन्दी -- कथा -- कविता _945972 |
||
| 650 |
_aHindi - literature _948598 |
||
| 650 |
_aHindi -- fiction - poetry _948599 |
||
| 942 |
_2ddc _cHN _h820.8 _mअवस्थी |
||
| 999 |
_c112656 _d112656 |
||